Gallipoli (Record no. 431720)

000 -LEADER
fixed length control field 00355cam a22001217a 4500
008 - FIXED-LENGTH DATA ELEMENTS--GENERAL INFORMATION
fixed length control field 180718b1917 xxu||||| |||| 00| 0 eng d
082 ## - DEWEY DECIMAL CLASSIFICATION NUMBER
Classification number D49x4 M377
100 ## - MAIN ENTRY--PERSONAL NAME
Personal name Masefield, John
245 ## - TITLE STATEMENT
Title Gallipoli
Statement of responsibility, etc. by John Masefield
260 ## - PUBLICATION, DISTRIBUTION, ETC.
Place of publication, distribution, etc. London
Name of publisher, distributor, etc. Heinemann
Date of publication, distribution, etc. 1917
300 ## - PHYSICAL DESCRIPTION
Extent 183p.
650 ## - SUBJECT ADDED ENTRY--TOPICAL TERM
Topical term or geographic name entry element World War, 1914-1918 --Campaigns --Turkey --Gallipoli Peninsula
Holdings
Withdrawn status Lost status Damaged status Not for loan Permanent Location Current Location Date acquired Full call number Barcode Date last seen Price effective from Koha item type
        Indian Institute of Public Administration Indian Institute of Public Administration 2010-01-21 D49x4 M377 A834 2018-07-21 2018-07-21 A

Powered by Koha